Переписка по Чрезвычайному XVII Всероссийскому Съезду Советов

Доступно только в Электронных читальных залах Найти на картеНа карте
RUSMARC
00004856nmc2a22003133x 450
001ab91b733-0b7b-4063-b608-a64ea289182d
00520210719194513.0
100##$a20210612l19361937k y0rusy50 ca
1010#$arus
102##$aRU
105##$aa z |||e|
1222#$ad19361231
$ad19370131
1220#$ad193701
2001#$aПереписка по Чрезвычайному XVII Всероссийскому Съезду Советов
$jДекабрь 1936 - январь 1937
215##$a12 листов
$cтабл.
251##$cДело
300##$aЗаголовок дела на папке: III-я Сессия ЦИК Союза ССР VII-го созыва. Переписка по Чрезвычайному XVII-му Всероссийскому Съезду Советов. Январь 1937 г.
300##$aНа папке дела: 28/XII-1936 г. - 5/I-1937 г.
300##$aМашинописный и рукописный текст
330##$aВходит в раздел описи: VII-й Съезд Советов. 3-я Сессия ЦИК СССР
461#0$1001796d4672-8a00-4986-b488-6e42273792cc
$12001
$aЦЕНТРАЛЬНЫЙ ИСПОЛНИТЕЛЬНЫЙ КОМИТЕТ СССР (ЦИК СССР)
$1251
$cФонд
$1852
$j3316
$gР
462#0$10012246e4af-064a-4b66-b386-cae0ddb7fb2d
$12001
$aДела 7-го Съезда Советов и 1-й, 2-й, 3-й, 4-й Сессий 7-го созыва. 1935-1937 гг.
$vД. 193
$1251
$cОпись
$1852
$j7
5171#$aIII-я Сессия ЦИК Союза ССР VII-го созыва. Переписка по Чрезвычайному XVII-му Всероссийскому Съезду Советов. Январь 1937 г.
60101$3RU\NLR\AUTH\880357276
$aСССР
$bЦИК
60102$3RU\NLR\AUTH\880399377
$aСССР
$bЦИК
$bСозыв
$c7
$bСессия
$d3
60101$3RU\NLR\AUTH\8810134312
$aРСФСР
$bСъезд Советов
$d17, (чрезвычайный)
$f1937
801#0$aRU
$bGA_RF
801#1$aRU
$bГлавНИВЦ
$c20210612
$2rusmarc
801#2$aRU
$bПБ им. Б.Н. Ельцина
$c20210719
$gRCR
$2rusmarc
852##$aГА РФ
$j193
937##$d166423719
$hГАРФ
035##$aRuPRLIB51060645
856##$uhttp://readingroom.main.prlib.ru/item.aspx?id_node=n166423719&mode=full
Формат отображения